| 000 | 01622nam a2200493 i 4500 | ||
|---|---|---|---|
| 001 | 30872 | ||
| 003 | KOSZ 005 | ||
| 005 | 20210518151156.0 | ||
| 008 | 980702s1995 pl a f |000 0 pol | ||
| 015 | _aUWD 1996/17309 | ||
| 020 | _a2831702798 | ||
| 035 | _a991004474699705066 | ||
| 035 | _a(PL-WaBN)b11180948-48omnis_nlop | ||
| 035 | _ab11180948 | ||
| 035 | _a(OCoLC)749206711 | ||
| 035 | _azz2006959738 | ||
| 035 | _a(PL)b0000001118094 | ||
| 035 | _a(EXLNZ-48OMNIS_NETWORK)9910098533505606 | ||
| 040 |
_aWA N _cWA N _dKOSZ 005/EG |
||
| 046 | _k1995 | ||
| 080 | _a504.06 | ||
| 080 | _a502.7 | ||
| 080 | _a(438) | ||
| 245 | 0 | 0 |
_aKoncepcja krajowej sieci ekologicznej ECONET - Polska : _bpraca zbiorowa / _cpod red. Anny Liro ; aut. A. Liro [et al.] ; IUCN [The World Conservation Union] - Program Europy. |
| 260 |
_aWarszawa : _bFundacja IUCN Poland, _c1995. |
||
| 300 |
_a204, [1] s., [10] tabl. kolor. złoż. : _bmapy ; _c31 cm. |
||
| 336 |
_aTekst _btxt _2rdacontent |
||
| 337 |
_aBez urządzenia pośredniczącego _bn _2rdamedia |
||
| 338 |
_aWolumin _bnc _2rdacarrier |
||
| 380 | _aKsiążki | ||
| 388 | _a1901-2000 | ||
| 388 | _a1989-2000 | ||
| 504 | _aBibliogr. s. 138-139. | ||
| 648 | 7 | _a1989-2000 | |
| 650 | 7 |
_aOchrona przyrody _2DBN |
|
| 650 | 7 |
_aProjekty _2DBN |
|
| 650 | 7 |
_aEkologia _2DBN |
|
| 651 | 7 | _aPolska | |
| 658 | _aOchrona środowiska | ||
| 700 | 1 |
_aLiro, Anna _eRedakcja |
|
| 856 |
_uhttp://koha.tu.koszalin.pl/cgi-bin/koha/opac-detail.pl?biblionumber=30872 _yKatalog online BPK |
||
| 942 |
_2UKD _cKS |
||
| 999 |
_c30872 _d30872 |
||